000 00474 a2200193 4500
005 20260310123807.0
008 260310b |||||||| |||| 00| 0 eng d
020 _a9789369584888
_cRs. 645.00
040 _aMAIN
082 _a338.5
_bA85M(21)
100 _aAhuja, H L
245 _aMacroeconomics: Theory and policy
250 _a21st
260 _bS Chand
_c2025
_a Noida
300 _axviii, 782
650 _aEconomics
650 _aMacroeconomics
942 _cBK
999 _c395973
_d395973